000 00708nam a2200265Ia 4500
005 20260121114431.0
008 008 260114s9999 xx 000 0 eng d
020 _a9789354245732
037 _aEBOOK
040 _aCRL
040 _beng
040 _cCRL
041 _2eng
041 _aeng
084 _qCRL
100 _aLosey
_9974987
245 4 _aThe Future of Human Resource Management 64 Thought Leaders Explore the Critical HR Issues of Today and Tomorrow
260 _bWiley
260 _c2021
650 _aHuman Resource Management
_9974988
856 _uhttps://ebooks.wileyindia.com/product-details/283537
942 _cEBOOK
999 _c1554108
_d1554108